History of economic thought (Record no. 489706)

MARC details
000 -LEADER
fixed length control field 00493nam a2200193Ia 4500
008 - FIXED-LENGTH DATA ELEMENTS--GENERAL INFORMATION
fixed length control field 210417s9999 xx 000 0 und d
020 ## - INTERNATIONAL STANDARD BOOK NUMBER
International Standard Book Number 9789382974987
-- 9382974989
082 ## - DEWEY DECIMAL CLASSIFICATION NUMBER
Classification number 330.15 PRA
Item number 22.330.15 PRA
245 #0 - TITLE STATEMENT
Title History of economic thought
Statement of responsibility, etc. History of economic thought
250 ## - EDITION STATEMENT
Remainder of edition statement 288p. ; 25cm. ; hbk.
260 ## - PUBLICATION, DISTRIBUTION, ETC.
Place of publication, distribution, etc. Delhi
Name of publisher, distributor, etc. Navyug Books International
Date of publication, distribution, etc. 2018
700 ## - ADDED ENTRY--PERSONAL NAME
Personal name Pragya Singh
Numeration Pragya Singh
Holdings
Withdrawn status Lost status Source of classification or shelving scheme Damaged status Not for loan Home library Current library Shelving location Date acquired Total Checkouts Full call number Barcode Date last seen Date last checked out Price effective from Koha item type
    Dewey Decimal Classification     Anna Centenary Library Anna Centenary Library 4TH FLOOR, A WING 17.04.2021 1 330.15 PRA 610156 19.04.2025 15.04.2025 17.04.2021 English Books

Find us on the map